La matemática en la vida del hombre / (Record no. 80641)

MARC details
000 -LEADER
campo de control de longitud fija 00613nam a2200169 i 4500
001 - NÚMERO DE CONTROL
campo de control 80641
003 - IDENTIFICADOR DE NÚMERO DE CONTROL
campo de control ES-MaACL
007 - CAMPO FIJO DE DESCRIPCIÓN FÍSICA--INFORMACIÓN GENERAL
campo de control de longitud fija t|
008 - DATOS DE LONGITUD FIJA--INFORMACIÓN GENERAL
campo de control de longitud fija 041029s1941 sp ||||1| spa d
100 1# - ENTRADA PRINCIPAL--NOMBRE DE PERSONA
Nombre de persona Hogben, Lancelot.
9 (RLIN) 63977
245 13 - MENCIÓN DEL TÍTULO
Título La matemática en la vida del hombre /
Mención de responsabilidad, etc. Lancelot Hogben ; ilustraciones de J.F. Horrabin ; traducción directa del inglés por Eduardo Condeminas Abós.
260 ## - PUBLICACIÓN, DISTRIBUCIÓN, ETC.
Lugar de publicación, distribución, etc. Barcelona :
Nombre del editor, distribuidor, etc. Iberia :
-- J. Gil,
Fecha de publicación, distribución, etc. [1941] (
Fabricante La Neotipia)
300 ## - DESCRIPCIÓN FÍSICA
Extensión 832 p. ;
Dimensiones 23 cm.
700 1# - ENTRADA AGREGADA--NOMBRE PERSONAL
Nombre de persona Horrabin, J. F.
9 (RLIN) 64244
700 1# - ENTRADA AGREGADA--NOMBRE PERSONAL
Nombre de persona Condeminas Abós, Eduardo.
9 (RLIN) 40139
852 ## - LOCALIZACIÓN
Ubicación ES-MaACL
Número de control de estantería B-9865
Sublocalización o colección R.19633
Holdings
Estatus retirado Estado de pérdida Estado de daño No para préstamo Biblioteca de origen Biblioteca actual Ubicación en estantería Fecha de adquisición Fuente de adquisición Total de préstamos Signatura topográfica completa Código de barras Visto por última vez Precio de reemplazo Tipo de ítem Koha
        Biblioteca del Ateneo de Madrid Biblioteca del Ateneo de Madrid Sala Pardo Bazán 17/01/2008     B-9865 1084311 23/02/2023 23/02/2023 Libro impreso